Agricultural problems of India (Record no. 730)

MARC details
000 -LEADER
fixed length control field 00925 a2200241 4500
008 - FIXED-LENGTH DATA ELEMENTS--GENERAL INFORMATION
fixed length control field 080820t xxu||||| |||| 00| 0 eng d
010 ## - LIBRARY OF CONGRESS CONTROL NUMBER
LC control number ENG-84911
020 ## - INTERNATIONAL STANDARD BOOK NUMBER
International Standard Book Number 818122500919
Terms of availability 590.00
035 ## - SYSTEM CONTROL NUMBER
System control number EN-68444
037 ## - SOURCE OF ACQUISITION
Source of stock number/acquisition D. B. Act / pub
082 ## - DEWEY DECIMAL CLASSIFICATION NUMBER
Classification number 631.0954
100 ## - MAIN ENTRY--PERSONAL NAME
Personal name Mamoria, C. B.
245 ## - TITLE STATEMENT
Title Agricultural problems of India
Statement of responsibility, etc by C. B. Mamoria and Badri Bishal Tripathi
250 ## - EDITION STATEMENT
Edition statement 1st ed
260 ## - PUBLICATION, DISTRIBUTION, ETC. (IMPRINT)
Place of publication, distribution, etc Allahabad
Name of publisher, distributor, etc Kitab Mahal
Date of publication, distribution, etc 2007
270 ## - ADDRESS
Address 22-A, Sarojini Naidu Marg,
City Allahabad
State or province U.P.
300 ## - PHYSICAL DESCRIPTION
Extent xvi, 896 p.
Other physical details ill.
Dimensions 24 cm.
500 ## - GENERAL NOTE
General note Includes bibliographial references and index
650 ## - SUBJECT ADDED ENTRY--TOPICAL TERM
Topical term or geographic name as entry element Agriculture problems
Geographic subdivision India
700 ## - ADDED ENTRY--PERSONAL NAME
Personal name Tripathi, Badri Bishal
942 ## - ADDED ENTRY ELEMENTS (KOHA)
Institution code [OBSOLETE] dpl
Koha item type English Books
Call number prefix 631.0954 / MAM
Source of classification or shelving scheme Dewey Decimal Classification
Classification part 631.0954
Call number suffix MAM
Holdings
Withdrawn status Lost status Damaged status Not for loan Home library Current library Date acquired Cost, normal purchase price Total Checkouts Full call number Barcode Date last seen Copy number Uniform Resource Identifier Cost, replacement price Price effective from Koha item type
        D.B.Act.Division D.B.Act.Division 20/08/2008 590.00   631.0954 MAM EN-68444 15/09/2008 1 712 590.00 15/09/2008 English Books

© Delhi Public Library
Hit Counter
free hit counter